[Event "Oberliga Wuerttemberg 1617"]
[Site "Wuerttemberg"]
[Date "2016.09.25"]
[Round "1.1"]
[White "Sinz, Bernhard"]
[Black "Zimmermann, Ulrich"]
[Result "1-0"]
[WhiteElo "2282"]
[BlackElo "2282"]
[PlyCount "101"]
[EventDate "2016.09.25"]
[EventType "team-tourn"]
[EventRounds "11"]
[EventCountry "GER"]
[SourceTitle "EXT 2019"]
[Source "ChessBase"]
[SourceDate "2018.10.10"]
[SourceVersion "1"]
[SourceVersionDate "2018.10.10"]
[SourceQuality "1"]
[WhiteTeam "Biberach"]
[BlackTeam "Schwaebisch Gmuend"]
[WhiteTeamCountry "GER"]
[BlackTeamCountry "GER"]

1. e4 e6 2. d4 d5 3. Nc3 Bb4 4. Nge2 dxe4 5. a3 Bxc3+ 6. Nxc3 Nc6 7. Bb5 Nge7 8. Bg5 f6 9. Be3 0-0 10. Qd2 a6 11. Bxc6 Nxc6 12. 0-0-0 b6 13. Nxe4 Bb7 14. f3 Qd7 15. h4 Rad8 16. h5 Qf7 17. h6 g6 18. Qe2 Ne7 19. Kb1 Rd7 20. g4 f5 21. Ng5 Qf6 22. Rhf1 b5 23. Bc1 Bd5 24. b3 Nc6 25. Nh3 fxg4 26. fxg4 Bf3 27. Qe3 e5 28. dxe5 Nxe5 29. Rxd7 Nxd7 30. Ng5 Ne5 31. Bb2 Nxg4 32. Rxf3 Nxe3 33. Rxf6 Rxf6 34. Bxf6 Nf5 35. Be5 c6 36. Ne4 Nxh6 37. Nf6+ Kf7 38. Nxh7 Ke6 39. Bf4 Nf7 40. Ng5+ Kf5 41. Nxf7 Kxf4 42. Kc1 g5 43. Kd2 g4 44. Nd8 g3 45. Ke2 g2 46. Kf2 c5 47. Ne6+ Ke5 48. Nxc5 a5 49. Nb7 b4 50. Nxa5 bxa3 51. Nc4+ 1-0